| 000 | 00856nac a22002777a 4500 | ||
|---|---|---|---|
| 001 | BR7906641 | ||
| 003 | BR-BrBNA | ||
| 005 | 20240105114522.0 | ||
| 008 | 230509b bl.|||m| |||| 00| 0 por d | ||
| 040 |
_aBR-BrBNA _bpor _cBiblioteca Nacional de Agricultura |
||
| 072 | _aE30; E70 | ||
| 090 | _aE30 BR7906641 | ||
| 110 | 1 |
_aSecretaria da Agricultura do Maranhao, Sao Luis (Brasil) _98255 |
|
| 245 | 1 | _aPrognostico agropecuario do Maranhao 1979/80 [Brasil] | |
| 260 | 3 |
_aSao Luis, MA (Brasil): _c1979. |
|
| 300 | _a62 p. | ||
| 490 |
_aPrognostico Agropecuario do Maranhao (Brazil) _v _x |
||
| 500 | _a36 tables | ||
| 650 | _aDesenvolvimento agricola | ||
| 650 | _aComercializacao | ||
| 650 | _aProducao animal | ||
| 650 | _aProducao vegetal | ||
| 650 | _aMaranhao | ||
| 909 |
_a202312 _bLúcia Elande _c55 _dLúcia Elande |
||
| 942 |
_2AGRIS _n0 _cMS |
||
| 999 |
_c269812 _d269812 |
||